000
00386nam a2200145Ia 4500
008
100204s9999 xx 000 0 und d
082
_b
25483
100
_a
बागवे अशोक
245
_a
मंदिल
260
_b
"ग्रंथपर्व , ठाणे"
_c
2002
300
_a
112
630
_a
मंदिल
730
_a
मंदिल
942
_c
BOOK
999
_c
470664
_d
470661